UFC Champions With Zero Title Defenses - Statistics

General Stats
  • This quiz has been taken 26 times
  • The average score is 14 of 36
Answer Stats
Hint Answer % Correct
Middleweight Sean Strickland
79%
Welterweight Belal Muhammad
74%
Lightweight Conor McGregor
74%
Flyweight Brandon Moreno
63%
Welterweight Jack Della Maddalena
63%
Light Heavyweight Jamahal Hill
63%
Bantamweight Cody Garbrandt
58%
Light Heavyweight Jiri Prochazka
58%
Light Heavyweight Magomed Ankalaev
58%
Lightweight Eddie Alvarez
53%
Light Heavyweight Glover Teixeira
53%
W Bantamweight Holly Holm
53%
Middleweight Luke Rockhold
47%
Light Heavyweight Mauricio Rua
42%
Light Heavyweight Rashad Evans
42%
Welterweight Johny Hendricks
37%
Welterweight Matt Serra
37%
Middleweight Robert Whittaker
37%
W Flyweight Alexa Grasso
32%
Heavyweight Bas Rutten
32%
Heavyweight Frank Mir
32%
W Strawweight Jessica Andrade
32%
W Bantamweight Julianna Pena
32%
Light Heavyweight Vitor Belfort
32%
Heavyweight Fabricio Werdum
26%
W Bantamweight Miesha Tate
26%
Welterweight Carlos Newton
21%
Light Heavyweight Forrest Griffin
21%
Heavyweight Mark Coleman
21%
W Bantamweight Raquel Pennington
21%
W Strawweight Carla Esparza
16%
Heavyweight Josh Barnett
16%
W Flyweight Nicco Montano
16%
Heavyweight Ricco Rodriguez
16%
Middleweight Dave Menne
11%
Middleweight Evan Tanner
11%
No matching quizzes found
Score Distribution
Percent of People with Each Score
Percentile by Number Answered
Your Score History
You have not taken this quiz